Five Countries with Most Hindus by Continent - Statistics

General Stats
  • This quiz has been taken 941 times
    408 since last reset
  • The average score is 22 of 30
Answer Stats
Population Country % Correct
1 bn India
99%
3.3 m United States
93%
4.4 m Pakistan
91%
1 m United Kingdom
91%
828 k Canada
90%
23.5 m Nepal
90%
14.3 m Bangladesh
88%
150 k France
85%
684 k Australia
84%
21 k Brazil
80%
123 k New Zealand
80%
4.7 m Indonesia
77%
34 k Argentina
76%
261 k Fiji
76%
190 k Guyana
76%
505 k South Africa
75%
130 k Suriname
75%
9 k Colombia
72%
180 k Italy
72%
140 k Russia
72%
240 k Trinidad and Tobago
61%
60 k Kenya
59%
670 k Mauritius
57%
50 k Tanzania
57%
24 k Cuba
56%
150 k Netherlands
55%
14 k Panama
55%
25 Samoa
53%
100 Tonga
52%
355 k Uganda
46%
No matching quizzes found
Score Distribution
Percent of People with Each Score
Percentile by Number Answered
Your Score History
You have not taken this quiz since the last reset